[Event "Titled Tuesday intern op 08th Aug Late"]
[Site "Chess.com INT"]
[Date "2023.08.08"]
[Round "2"]
[White "Acosta Cruz, Oscar Yosimar"]
[Black "Sadilek, Peter"]
[Result "0-1"]
[WhiteElo "2098"]
[BlackElo "2279"]
[PlyCount "52"]
[EventDate "2023.08.08"]
[EventType "swiss (blitz)"]
[EventRounds "11"]
[EventCountry "USA"]
[SourceTitle "EXT 2024"]
[Source "ChessBase"]
[SourceDate "2023.10.10"]
[SourceVersion "1"]
[SourceVersionDate "2023.10.10"]
[SourceQuality "1"]

1. d4 Nf6 2. Nf3 b6 3. c4 Bb7 4. g3 g6 5. Bg2 Bg7 6. 0-0 0-0 7. d5 Na6 8. Nc3 Nc5 9. Nd4 a5 10. e4 e5 11. Ndb5 d6 12. Bg5 h6 13. Be3 Nfd7 14. Qd2 Kh7 15. f3 f5 16. b3 Rf7 17. exf5 gxf5 18. Rae1 Nf6 19. Kh1 Bc8 20. Bg1 Bd7 21. Qb2 h5 22. a3 h4 23. gxh4 Nh5 24. Bf2 Nf4 25. Rg1 Ncd3 26. Qb1 Nxf2# 0-1

[Event "Titled Tuesday intern op 08th Aug Late"]
[Site "Chess.com INT"]
[Date "2023.08.08"]
[Round "6"]
[White "Hua, Lefong"]
[Black "Sadilek, Peter"]
[Result "1-0"]
[WhiteElo "2305"]
[BlackElo "2279"]
[PlyCount "45"]
[EventDate "2023.08.08"]
[EventType "swiss (blitz)"]
[EventRounds "11"]
[EventCountry "USA"]
[SourceTitle "EXT 2024"]
[Source "ChessBase"]
[SourceDate "2023.10.10"]
[SourceVersion "1"]
[SourceVersionDate "2023.10.10"]
[SourceQuality "1"]

1. d4 d5 2. c4 dxc4 3. Nf3 Nf6 4. e3 e6 5. Bxc4 c5 6. 0-0 cxd4 7. exd4 Be7 8. Nc3 0-0 9. Bg5 a6 10. Bb3 Nc6 11. Re1 h6 12. Bh4 Nb4 13. a3 Nbd5 14. Bc2 Bd7 15. Ne5 Rc8 16. Qd3 Nf4 17. Qf3 N6d5 18. Nxd7 Qxd7 19. Bxe7 Qxe7 20. Qe4 f5 21. Qf3 Nxc3 22. bxc3 Nd5 23. Qxd5 1-0

[Event "Titled Tuesday intern op 08th Aug Late"]
[Site "Chess.com INT"]
[Date "2023.08.08"]
[Round "7"]
[White "Sadilek, Peter"]
[Black "Tejedor Fuente, Enrique"]
[Result "0-1"]
[WhiteElo "2279"]
[BlackElo "2386"]
[PlyCount "45"]
[EventDate "2023.08.08"]
[EventType "swiss (blitz)"]
[EventRounds "11"]
[EventCountry "USA"]
[SourceTitle "EXT 2024"]
[Source "ChessBase"]
[SourceDate "2023.10.10"]
[SourceVersion "1"]
[SourceVersionDate "2023.10.10"]
[SourceQuality "1"]

1. c4 b6 2. Nf3 Bb7 3. g3 Bxf3 4. exf3 c5 5. d4 cxd4 6. Qxd4 Nc6 7. Qd1 e6 8. Bg2 g6 9. Bd2 Bg7 10. Bc3 Nf6 11. 0-0 0-0 12. f4 d5 13. cxd5 Nxd5 14. Bxg7 Kxg7 15. Nd2 Rc8 16. Rc1 Nce7 17. Qa4 Rxc1 18. Rxc1 Qb8 19. Qd4+ Nf6 20. Ne4 Neg8 21. g4 Qxf4 22. Rc3 e5 23. Qb4 0-1

[Event "Titled Tuesday intern op 20th Jun Late"]
[Site "Chess.com INT"]
[Date "2023.06.20"]
[Round "1"]
[White "Bolourchifard, Farzad"]
[Black "Sadilek, Peter"]
[Result "1-0"]
[WhiteElo "2292"]
[BlackElo "2317"]
[PlyCount "77"]
[EventDate "2023.06.20"]
[EventType "swiss (blitz)"]
[EventRounds "11"]
[EventCountry "USA"]
[SourceTitle "EXT 2024"]
[Source "ChessBase"]
[SourceDate "2023.10.10"]
[SourceVersion "1"]
[SourceVersionDate "2023.10.10"]
[SourceQuality "1"]

1. d4 Nf6 2. Nf3 b6 3. c4 Bb7 4. Nc3 g6 5. Bg5 Ne4 6. Nxe4 Bxe4 7. e3 Bg7 8. Bd3 Bxd3 9. Qxd3 0-0 10. 0-0 Nc6 11. d5 Nb4 12. Qd2 a5 13. e4 c6 14. d6 f6 15. Be3 e5 16. a3 Na6 17. b4 axb4 18. axb4 c5 19. bxc5 Nxc5 20. Bxc5 bxc5 21. Qd5+ Kh8 22. Qxc5 Rc8 23. Qd5 Qb6 24. h3 Rc5 25. Qd3 Rc6 26. Rfd1 Rfc8 27. Ra4 Qc5 28. Nh2 Bf8 29. Ng4 Rxd6 30. Qe2 Kg7 31. Rxd6 Qxd6 32. Ra7 Rc7 33. Ra8 Qb4 34. Qf3 Rc6 35. Ne3 Bc5 36. Qg4 Rd6 37. Nf5+ Kf7 38. Nxd6+ Bxd6 39. Qxd7+ 1-0

[Event "Titled Tuesday intern op 20th Jun Late"]
[Site "Chess.com INT"]
[Date "2023.06.20"]
[Round "4"]
[White "De Souza, Cristiano Gomes"]
[Black "Sadilek, Peter"]
[Result "0-1"]
[WhiteElo "2018"]
[BlackElo "2317"]
[PlyCount "32"]
[EventDate "2023.06.20"]
[EventType "swiss (blitz)"]
[EventRounds "11"]
[EventCountry "USA"]
[SourceTitle "EXT 2024"]
[Source "ChessBase"]
[SourceDate "2023.10.10"]
[SourceVersion "1"]
[SourceVersionDate "2023.10.10"]
[SourceQuality "1"]

1. d4 e6 2. c4 Nf6 3. Nf3 Bb4+ 4. Bd2 a5 5. g3 0-0 6. Bg2 d5 7. b3 b6 8. 0-0 Ba6 9. cxd5 exd5 10. Ne5 c5 11. a3 Bxd2 12. Qxd2 Re8 13. Nc3 Ra7 14. Rfe1 Rae7 15. e3 Ne4 16. h4 Nxd2 0-1

[Event "Titled Tuesday intern op 20th Jun Late"]
[Site "Chess.com INT"]
[Date "2023.06.20"]
[Round "8"]
[White "Sadilek, Peter"]
[Black "Palacio, Igor Da Paz"]
[Result "1-0"]
[WhiteElo "2317"]
[BlackElo "2172"]
[PlyCount "39"]
[EventDate "2023.06.20"]
[EventType "swiss (blitz)"]
[EventRounds "11"]
[EventCountry "USA"]
[SourceTitle "EXT 2024"]
[Source "ChessBase"]
[SourceDate "2023.10.10"]
[SourceVersion "1"]
[SourceVersionDate "2023.10.10"]
[SourceQuality "1"]

1. e4 d6 2. d4 Nf6 3. Nc3 g6 4. Bg5 Bg7 5. Qd2 c6 6. Bh6 Bxh6 7. Qxh6 Qa5 8. Bd3 Qb4 9. 0-0-0 Qxd4 10. Nf3 Qc5 11. e5 dxe5 12. Rhe1 Bg4 13. Rxe5 Qb4 14. Rde1 Bxf3 15. Qg7 Qf4+ 16. Kb1 Rg8 17. Rxe7+ Kd8 18. Qxf7 Nbd7 19. Rxd7+ Nxd7 20. Qxf4 1-0

[Event "Titled Tuesday intern op 20th Jun Late"]
[Site "Chess.com INT"]
[Date "2023.06.20"]
[Round "10"]
[White "Sadilek, Peter"]
[Black "Tarnowska, Aleksandra"]
[Result "0-1"]
[WhiteElo "2317"]
[BlackElo "1835"]
[PlyCount "60"]
[EventDate "2023.06.20"]
[EventType "swiss (blitz)"]
[EventRounds "11"]
[EventCountry "USA"]
[SourceTitle "EXT 2024"]
[Source "ChessBase"]
[SourceDate "2023.10.10"]
[SourceVersion "1"]
[SourceVersionDate "2023.10.10"]
[SourceQuality "1"]

1. e4 c5 2. Nf3 e6 3. Nc3 a6 4. g3 Qc7 5. Bg2 Nc6 6. 0-0 d6 7. Re1 Nf6 8. d4 cxd4 9. Nxd4 Be7 10. Nce2 0-0 11. b3 Bd7 12. c4 Rfd8 13. Bb2 Rac8 14. Rc1 Nb4 15. Nc3 e5 16. Nf5 Bf8 17. Nd5 Nbxd5 18. cxd5 Qa5 19. a4 Qb4 20. Qd3 Bxa4 21. Bxe5 dxe5 22. bxa4 Qxa4 23. Rb1 b5 24. Ra1 Qc4 25. Qf3 g6 26. Ne3 Qc3 27. Qxf6 Bg7 28. Qxa6 Ra8 29. Qxa8 Rxa8 30. Rxa8+ Bf8 0-1

[Event "Titled Tuesday intern op 20th Jun Late"]
[Site "Chess.com INT"]
[Date "2023.06.20"]
[Round "7"]
[White "Vlassov, Nikolai"]
[Black "Sadilek, Peter"]
[Result "1-0"]
[WhiteElo "2283"]
[BlackElo "2317"]
[PlyCount "95"]
[EventDate "2023.06.20"]
[EventType "swiss (blitz)"]
[EventRounds "11"]
[EventCountry "USA"]
[SourceTitle "EXT 2024"]
[Source "ChessBase"]
[SourceDate "2023.10.10"]
[SourceVersion "1"]
[SourceVersionDate "2023.10.10"]
[SourceQuality "1"]

1. e4 g6 2. Nc3 Bg7 3. h4 h5 4. Nf3 c5 5. Bc4 Nc6 6. d3 d6 7. Ng5 e6 8. Be3 a6 9. Qd2 b5 10. Bb3 Nf6 11. f3 Nd4 12. Ne2 Nxb3 13. axb3 Nd7 14. d4 0-0 15. g4 cxd4 16. Bxd4 Bxd4 17. Nxd4 Nf6 18. gxh5 Nxh5 19. 0-0-0 Qf6 20. Nc6 Bb7 21. Qxd6 Bxc6 22. Qxc6 Rac8 23. Qb6 Nf4 24. Qe3 e5 25. Nh3 Nxh3 26. Rxh3 Qe6 27. Rg3 Rc6 28. h5 Rfc8 29. Rd2 Kg7 30. hxg6 fxg6 31. Qg5 Qxb3 32. Qxe5+ Kf8 33. Qh8+ Ke7 34. Qg7+ Ke8 35. Qd7+ Kf8 36. Rgg2 Qf7 37. Qxf7+ Kxf7 38. c3 b4 39. Rd3 bxc3 40. b3 Kf6 41. Ra2 Ke5 42. Kc2 Kf4 43. Ra5 Rc5 44. Rxa6 g5 45. Rf6+ Kg3 46. Rf5 Rxf5 47. exf5 Kf4 48. f6 1-0

[Event "Titled Tuesday intern op 30th May Late"]
[Site "Chess.com INT"]
[Date "2023.05.30"]
[Round "7"]
[White "Chylewski, Patryk"]
[Black "Sadilek, Peter"]
[Result "1-0"]
[WhiteElo "2290"]
[BlackElo "2317"]
[PlyCount "81"]
[EventDate "2023.05.30"]
[EventType "swiss (blitz)"]
[EventRounds "11"]
[EventCountry "USA"]
[SourceTitle "CBM 214 Extra"]
[Source "ChessBase"]
[SourceDate "2023.07.31"]
[SourceVersion "1"]
[SourceVersionDate "2023.07.31"]
[SourceQuality "1"]

1. e4 g6 2. d4 Bg7 3. Nc3 c6 4. h3 d5 5. Nf3 Nf6 6. e5 Ne4 7. Bd3 Nxc3 8. bxc3 c5 9. 0-0 c4 10. Be2 Qa5 11. Bd2 Nc6 12. a4 0-0 13. Qb1 Qc7 14. Bf4 Bf5 15. Bg3 Qd7 16. Nh4 Be6 17. f4 f6 18. Qb5 fxe5 19. fxe5 Bh6 20. Rad1 Rxf1+ 21. Rxf1 Bd2 22. Be1 Bxe1 23. Rxe1 Rf8 24. Rf1 Rxf1+ 25. Bxf1 g5 26. Nf3 h6 27. Be2 Bf5 28. Bd1 Kg7 29. Qb2 Nd8 30. a5 Ne6 31. Nh2 Nf4 32. Bg4 Bxg4 33. Nxg4 h5 34. Ne3 h4 35. Qb4 Kf7 36. Qc5 Ne2+ 37. Kh2 Nxc3 38. Qxa7 Ne4 39. a6 Qa4 40. Qxb7 Qa1 41. Qxd5+ 1-0

[Event "Titled Tuesday intern op 30th May Late"]
[Site "Chess.com INT"]
[Date "2023.05.30"]
[Round "11"]
[White "Sadilek, Peter"]
[Black "Sailer, Mike L"]
[Result "1/2-1/2"]
[WhiteElo "2317"]
[BlackElo "2109"]
[PlyCount "182"]
[EventDate "2023.05.30"]
[EventType "swiss (blitz)"]
[EventRounds "11"]
[EventCountry "USA"]
[SourceTitle "CBM 214 Extra"]
[Source "ChessBase"]
[SourceDate "2023.07.31"]
[SourceVersion "1"]
[SourceVersionDate "2023.07.31"]
[SourceQuality "1"]

1. g3 d5 2. Bg2 Nf6 3. c4 c6 4. Nf3 Bf5 5. 0-0 e6 6. d3 Be7 7. Qb3 Qb6 8. Be3 Qa6 9. cxd5 exd5 10. Nc3 Nbd7 11. Bd4 0-0 12. Rfe1 Nc5 13. Qd1 Rfe8 14. b4 Ne6 15. b5 cxb5 16. Rb1 b4 17. Bxf6 bxc3 18. Bxc3 Rac8 19. Qb3 b6 20. Nd4 Nxd4 21. Bxd4 Be6 22. Qb2 Ba3 23. Qb5 Qxb5 24. Rxb5 Rc2 25. Bxd5 Bxd5 26. Rxd5 Rxa2 27. e4 f6 28. Rd7 Bb4 29. Rb1 Bf8 30. h4 Rc8 31. Rb2 Rxb2 32. Bxb2 a5 33. Rb7 Bc5 34. d4 Bb4 35. d5 Rc2 36. Bd4 Bc5 37. Bxc5 bxc5 38. Rb5 a4 39. Ra5 Rc4 40. d6 Kf7 41. f4 Ke6 42. e5 fxe5 43. fxe5 Kxe5 44. d7 Rd4 45. Rxc5+ Ke6 46. Ra5 Kxd7 47. Ra7+ Ke6 48. Rxg7 h5 49. Rg5 Rd5 50. Rg6+ Kf7 51. Ra6 Rd4 52. Kf1 Rb4 53. Kf2 Kg7 54. Kf3 Rc4 55. Ke3 Rb4 56. Ra5 Rg4 57. Kf3 Kg6 58. Rb5 Kh6 59. Rc5 Rb4 60. Rc6+ Kh7 61. Ra6 Rg4 62. Ra5 Kh6 63. Rb5 Kg6 64. Rc5 Kh6 65. Re5 Kg6 66. Rd5 Kh6 67. Ra5 Kg6 68. Rb5 Kh6 69. Rc5 Kg6 70. Rd5 Kh6 71. Kf2 Rb4 72. Rd6+ Kg7 73. Ke3 Rb3+ 74. Kf4 a3 75. Ra6 Kh7 76. Kg5 Rxg3+ 77. Kxh5 Kg7 78. Ra7+ Kf6 79. Kh6 Kf5 80. h5 Ke5 81. Kh7 Kd5 82. h6 Kc4 83. Kh8 Kb3 84. h7 a2 85. Rb7+ Kc2 86. Rc7+ Kb2 87. Rb7+ Kc1 88. Ra7 Kb1 89. Rb7+ Kc1 90. Ra7 Kb1 91. Rb7+ Kc1 1/2-1/2

[Event "Titled Tuesday intern op 27th Dec Late"]
[Site "Chess.com INT"]
[Date "2022.12.27"]
[Round "4"]
[White "Kavutskiy, Konstantin"]
[Black "Sadilek, Peter"]
[Result "1-0"]
[WhiteElo "2387"]
[BlackElo "2299"]
[PlyCount "123"]
[EventDate "2022.12.27"]
[EventType "swiss (blitz)"]
[EventRounds "11"]
[EventCountry "USA"]
[SourceTitle "EXT 2024"]
[Source "ChessBase"]
[SourceDate "2023.10.10"]
[SourceVersion "1"]
[SourceVersionDate "2023.10.10"]
[SourceQuality "1"]

1. d4 e6 2. Nf3 c5 3. e4 cxd4 4. Nxd4 Nc6 5. Nc3 Nf6 6. Ndb5 Bb4 7. a3 Bxc3+ 8. Nxc3 d5 9. exd5 exd5 10. Bd3 0-0 11. 0-0 Bg4 12. f3 Bh5 13. Bg5 Bg6 14. Bxg6 hxg6 15. Bxf6 Qxf6 16. Qxd5 Rfd8 17. Qe4 Rd2 18. Rad1 Rad8 19. Rxd2 Rxd2 20. Rd1 Qg5 21. Rxd2 Qxd2 22. h3 Qc1+ 23. Kh2 Qxb2 24. Na4 Qxa3 25. h4 Qd6+ 26. Kh1 Qd1+ 27. Kh2 Qd6+ 28. Kh1 Qd4 29. Qxd4 Nxd4 30. c3 Nf5 31. Kg1 Nxh4 32. Kf2 Nf5 33. Nc5 b6 34. Na6 Kf8 35. Ke2 Ke7 36. g4 Nd6 37. Kd3 Kd7 38. Kd4 Kc6 39. Nb4+ Kb5 40. Nd5 Kc6 41. Nb4+ Kd7 42. Na6 Nb7 43. Kd5 Na5 44. Nb8+ Kc7 45. Na6+ Kb7 46. Nb4 Nb3 47. Kd6 a5 48. Nc2 Nd2 49. f4 Ne4+ 50. Ke7 Nxc3 51. Kxf7 Nd5 52. f5 gxf5 53. gxf5 b5 54. Kxg7 b4 55. Kf7 b3 56. Na3 Kc6 57. Ke6 a4 58. Ke5 Kc5 59. Ke6 b2 60. Nb1 Kd4 61. Na3 Nf4+ 62. Kf6 1-0

[Event "Titled Tuesday intern op 27th Dec Late"]
[Site "Chess.com INT"]
[Date "2022.12.27"]
[Round "7"]
[White "Sadilek, Peter"]
[Black "Orzech, Dominik"]
[Result "0-1"]
[WhiteElo "2299"]
[BlackElo "2313"]
[PlyCount "48"]
[EventDate "2022.12.27"]
[EventType "swiss (blitz)"]
[EventRounds "11"]
[EventCountry "USA"]
[SourceTitle "EXT 2024"]
[Source "ChessBase"]
[SourceDate "2023.10.10"]
[SourceVersion "1"]
[SourceVersionDate "2023.10.10"]
[SourceQuality "1"]

1. d4 Nf6 2. Nf3 c5 3. d5 e6 4. c4 exd5 5. cxd5 d6 6. Nc3 g6 7. Bg5 Bg7 8. e4 a6 9. a4 h6 10. Bh4 0-0 11. Nd2 Re8 12. Be2 Nbd7 13. 0-0 Rb8 14. Qc2 Qe7 15. Rfe1 g5 16. Bg3 Ne5 17. Nc4 Nfd7 18. f4 gxf4 19. Bxf4 Nxc4 20. Bxc4 Ne5 21. Bf1 Bd7 22. h3 Qh4 23. Be3 Qg3 24. Bf2 Nf3+ 0-1

[Event "Titled Tuesday intern op 27th Dec Late"]
[Site "Chess.com INT"]
[Date "2022.12.27"]
[Round "6"]
[White "Toniutti, Ezio"]
[Black "Sadilek, Peter"]
[Result "1-0"]
[WhiteElo "2238"]
[BlackElo "2299"]
[PlyCount "71"]
[EventDate "2022.12.27"]
[EventType "swiss (blitz)"]
[EventRounds "11"]
[EventCountry "USA"]
[SourceTitle "EXT 2024"]
[Source "ChessBase"]
[SourceDate "2023.10.10"]
[SourceVersion "1"]
[SourceVersionDate "2023.10.10"]
[SourceQuality "1"]

1. d4 Nf6 2. c4 e6 3. g3 d5 4. Bg2 Be7 5. Nf3 0-0 6. 0-0 Nbd7 7. Nbd2 c6 8. Qc2 b6 9. e4 Ba6 10. b3 c5 11. Rd1 dxc4 12. Nxc4 cxd4 13. Nxd4 Rc8 14. a4 Bxc4 15. bxc4 Qc7 16. Bf4 e5 17. Nf5 Bc5 18. Be3 g6 19. Bxc5 Nxc5 20. Ne3 Ne6 21. Bh3 Nd4 22. Qd3 Rcd8 23. Nd5 Qd6 24. f4 Nc6 25. Rac1 Nb4 26. Qe2 Nbxd5 27. cxd5 exf4 28. e5 Rde8 29. exd6 Rxe2 30. d7 fxg3 31. hxg3 Re3 32. Kf2 Ra3 33. Rc8 Nxd7 34. Bxd7 Rxc8 35. Bxc8 Rxa4 36. d6 1-0

[Event "AUT-chT2O 2223"]
[Site "Austria"]
[Date "2022.11.20"]
[Round "4.3"]
[White "Kummer, Helmut"]
[Black "Sadilek, Peter"]
[Result "1/2-1/2"]
[WhiteElo "2198"]
[BlackElo "2327"]
[PlyCount "113"]
[EventDate "2022.10.15"]
[EventType "team-tourn"]
[EventRounds "11"]
[EventCountry "AUT"]
[SourceTitle "CBM 213 Extra"]
[Source "ChessBase"]
[SourceDate "2023.05.31"]
[SourceVersion "1"]
[SourceVersionDate "2023.05.31"]
[SourceQuality "1"]
[WhiteTeam "Purbach/Donnerskirchen"]
[BlackTeam "Tschaturanga"]
[WhiteTeamCountry "AUT"]
[BlackTeamCountry "AUT"]

1. d4 d5 2. c4 e6 3. Nc3 c5 4. cxd5 cxd4 5. Qa4+ Bd7 6. Qxd4 exd5 7. Qxd5 Nf6 8. Qd1 Bc5 9. e3 0-0 10. Nf3 Qe7 11. Be2 Rd8 12. 0-0 Nc6 13. a3 Rac8 14. Qc2 Bd6 15. Rd1 Ne5 16. Bd2 Nfg4 17. Nxe5 Bxe5 18. g3 Nxh2 19. Be1 Bc6 20. Rxd8+ Rxd8 21. Rd1 Nf3+ 22. Kf1 Nxe1 23. Rxd8+ Qxd8 24. Kxe1 g6 25. Qd2 Qa5 26. f4 Bf6 27. Kf2 h5 28. Bf3 Bxf3 29. Kxf3 Kg7 30. e4 Bxc3 31. Qxc3+ Qxc3+ 32. bxc3 Kf6 33. g4 hxg4+ 34. Kxg4 b5 35. Kf3 Ke6 36. Ke3 f6 37. Kd4 g5 38. Ke3 a6 39. Kf3 a5 40. Kg4 gxf4 41. Kxf4 a4 42. Ke3 Ke5 43. Kd3 Kf4 44. Kd4 Kf3 45. Kd3 Kf4 46. Kd4 Kf3 47. Kd3 Kf2 48. c4 bxc4+ 49. Kxc4 Ke3 50. Kd5 Kd3 51. e5 fxe5 52. Kxe5 Kc3 53. Kd5 Kd3 54. Ke5 Kc3 55. Ke4 Kc4 56. Ke3 Kb3 57. Kd3 1/2-1/2

[Event "Titled Tuesday intern op 18th Oct Early"]
[Site "Chess.com INT"]
[Date "2022.10.18"]
[Round "1"]
[White "Fawzy, Adham"]
[Black "Sadilek, Peter"]
[Result "1-0"]
[WhiteElo "2481"]
[BlackElo "2327"]
[PlyCount "47"]
[EventDate "2022.10.18"]
[EventType "swiss (blitz)"]
[EventRounds "11"]
[EventCountry "USA"]
[SourceTitle "EXT 2024"]
[Source "ChessBase"]
[SourceDate "2023.10.10"]
[SourceVersion "1"]
[SourceVersionDate "2023.10.10"]
[SourceQuality "1"]

1. e4 e5 2. Nf3 Nc6 3. Bc4 Nf6 4. Ng5 d5 5. exd5 b5 6. Bf1 Nd4 7. c3 Nxd5 8. cxd4 Qxg5 9. Bxb5+ Kd8 10. Qf3 Bb7 11. 0-0 Rb8 12. d3 Nf4 13. Bxf4 exf4 14. Bc6 Bxc6 15. Qxc6 Bd6 16. b3 Rb6 17. Qe4 Re8 18. Qf3 Qf6 19. Nd2 Qxd4 20. Nc4 Rb8 21. Rae1 Rxe1 22. Rxe1 f5 23. Qc6 Be7 24. Ne5 1-0

[Event "Titled Tuesday intern op 18th Oct Early"]
[Site "Chess.com INT"]
[Date "2022.10.18"]
[Round "7"]
[White "Terzi, Alexei"]
[Black "Sadilek, Peter"]
[Result "1-0"]
[WhiteElo "2272"]
[BlackElo "2327"]
[PlyCount "69"]
[EventDate "2022.10.18"]
[EventType "swiss (blitz)"]
[EventRounds "11"]
[EventCountry "USA"]
[SourceTitle "EXT 2024"]
[Source "ChessBase"]
[SourceDate "2023.10.10"]
[SourceVersion "1"]
[SourceVersionDate "2023.10.10"]
[SourceQuality "1"]

1. e4 g6 2. Nc3 Bg7 3. f4 c5 4. Nf3 Nc6 5. Bc4 e6 6. 0-0 Nge7 7. e5 d6 8. Qe2 dxe5 9. fxe5 Nxe5 10. Nxe5 Qd4+ 11. Kh1 Qxe5 12. Bb5+ Nc6 13. Bxc6+ bxc6 14. Qf3 0-0 15. d3 Bd7 16. Bf4 Qd4 17. Rae1 f6 18. Re4 e5 19. Rxd4 cxd4 20. Ne4 exf4 21. Qxf4 Be6 22. Nc5 Bd5 23. Qxd4 Rad8 24. Qf4 f5 25. c3 Bf7 26. d4 Rfe8 27. Qf2 Bc4 28. Re1 Kf7 29. h3 Bd5 30. a4 a5 31. Re3 Bh6 32. Rxe8 Rxe8 33. Nd3 Be3 34. Qh4 Kg7 35. Ne5 1-0

[Event "AUT-chT2O 2223"]
[Site "Austria"]
[Date "2022.10.15"]
[Round "1.3"]
[White "Wukits, Rene"]
[Black "Sadilek, Peter"]
[Result "1-0"]
[WhiteElo "2324"]
[BlackElo "2327"]
[PlyCount "77"]
[EventDate "2022.10.15"]
[EventType "team-tourn"]
[EventRounds "11"]
[EventCountry "AUT"]
[SourceTitle "EXT 2024"]
[Source "ChessBase"]
[SourceDate "2023.10.10"]
[SourceVersion "1"]
[SourceVersionDate "2023.10.10"]
[SourceQuality "1"]
[WhiteTeam "Mattersburg"]
[BlackTeam "Tschaturanga"]
[WhiteTeamCountry "AUT"]
[BlackTeamCountry "AUT"]

1. d4 Nf6 2. c4 e6 3. Nc3 Bb4 4. e3 0-0 5. Bd3 d6 6. Nge2 c5 7. 0-0 Nc6 8. Na4 Qe7 9. a3 Ba5 10. Bc2 a6 11. Nac3 Rb8 12. Ba4 Rd8 13. Bxc6 bxc6 14. dxc5 dxc5 15. Qc2 Bc7 16. e4 Be5 17. Bf4 Bxf4 18. Nxf4 e5 19. Nfe2 Nd7 20. Rad1 Nf8 21. Rxd8 Qxd8 22. Rd1 Qg5 23. Qd2 Qxd2 24. Rxd2 Ne6 25. Na4 Kf8 26. Nc1 Bb7 27. Nb3 Nd4 28. Naxc5 Bc8 29. Nxd4 exd4 30. b3 a5 31. Rxd4 a4 32. b4 Ke7 33. f4 g6 34. Kf2 Be6 35. Ke3 h5 36. e5 Bf5 37. h4 Rc8 38. Rd6 Rc7 39. Kd4 1-0

[Event "Titled Tuesday intern op 04th Oct Early"]
[Site "Chess.com INT"]
[Date "2022.10.04"]
[Round "2"]
[White "Sadilek, Peter"]
[Black "Dilmukhametov, Artur"]
[Result "1-0"]
[WhiteElo "2327"]
[BlackElo "2276"]
[PlyCount "85"]
[EventDate "2022.10.04"]
[EventType "swiss (blitz)"]
[EventRounds "11"]
[EventCountry "USA"]
[SourceTitle "EXT 2023"]
[Source "ChessBase"]
[SourceDate "2022.10.05"]
[SourceVersion "1"]
[SourceVersionDate "2022.10.05"]
[SourceQuality "1"]

1. Nf3 d5 2. d4 Nf6 3. c4 c6 4. Nc3 Bf5 5. cxd5 cxd5 6. Bf4 e6 7. e3 Bd6 8. Ne5 Nc6 9. Bb5 0-0 10. Bxc6 bxc6 11. Nxc6 Qc7 12. Bxd6 Qxd6 13. Ne5 Rab8 14. Qd2 Ne4 15. Nxe4 Bxe4 16. f3 Bf5 17. b3 f6 18. Nd3 e5 19. 0-0 exd4 20. exd4 Rfe8 21. Rfe1 Qb6 22. Nc5 Kf7 23. Rxe8 Rxe8 24. Re1 Rxe1+ 25. Qxe1 g5 26. Qd2 Qc7 27. g3 h6 28. Kf2 Qe7 29. Qe3 Qd6 30. b4 Bc8 31. Qc3 Bd7 32. a3 Bb5 33. Nb3 Bc4 34. Nc5 Bb5 35. a4 Bc4 36. b5 Qb6 37. Qb4 Kg6 38. Qb1+ Kf7 39. Qb4 Kg6 40. a5 Qxb5 41. Qxb5 Bxb5 42. Ke3 a6 43. Nb3 1-0

[Event "Titled Tuesday intern op 04th Oct Early"]
[Site "Chess.com INT"]
[Date "2022.10.04"]
[Round "4"]
[White "Sadilek, Peter"]
[Black "Gunduz, Umut Erdem"]
[Result "0-1"]
[WhiteElo "2327"]
[BlackElo "2282"]
[PlyCount "42"]
[EventDate "2022.10.04"]
[EventType "swiss (blitz)"]
[EventRounds "11"]
[EventCountry "USA"]
[SourceTitle "EXT 2023"]
[Source "ChessBase"]
[SourceDate "2022.10.05"]
[SourceVersion "1"]
[SourceVersionDate "2022.10.05"]
[SourceQuality "1"]

1. d4 Nf6 2. Nf3 c5 3. d5 e6 4. c4 b5 5. dxe6 fxe6 6. cxb5 d5 7. Nc3 Bb7 8. g3 Bd6 9. Bh3 Qe7 10. e4 Nbd7 11. exd5 exd5+ 12. Kf1 d4 13. Na4 0-0 14. Bg2 Rae8 15. Bg5 h6 16. Bxf6 Qxf6 17. Qb3+ Kh8 18. b6 axb6 19. Nxb6 Nxb6 20. Qxb6 Bxf3 21. Bxf3 Qxf3 0-1

[Event "Titled Tuesday intern op 04th Oct Early"]
[Site "Chess.com INT"]
[Date "2022.10.04"]
[Round "6"]
[White "Sadilek, Peter"]
[Black "Krysa, Leandro Sergio"]
[Result "1-0"]
[WhiteElo "2327"]
[BlackElo "2524"]
[PlyCount "119"]
[EventDate "2022.10.04"]
[EventType "swiss (blitz)"]
[EventRounds "11"]
[EventCountry "USA"]
[SourceTitle "EXT 2023"]
[Source "ChessBase"]
[SourceDate "2022.10.05"]
[SourceVersion "1"]
[SourceVersionDate "2022.10.05"]
[SourceQuality "1"]

1. d4 g6 2. e4 Bg7 3. Nc3 d6 4. Be3 a6 5. h4 h6 6. Qd2 b5 7. Nf3 Bb7 8. Bd3 Nf6 9. e5 dxe5 10. dxe5 b4 11. Na4 Nd5 12. e6 f5 13. 0-0-0 0-0 14. Bxh6 Qd6 15. Bxg7 Kxg7 16. Bc4 c6 17. Qd4+ Rf6 18. Nc5 Ra7 19. Bxd5 cxd5 20. h5 Nc6 21. Qh4 g5 22. Qxg5+ Kh7 23. Nd7 Qxe6 24. Nxf6+ Qxf6 25. Qxf6 exf6 26. Rxd5 Bc8 27. Rd6 Ne5 28. Rxf6 Ng4 29. Rc6 Bd7 30. Rd6 Nxf2 31. Rf1 Ne4 32. Rd5 Bb5 33. Re1 Ng3 34. Ng5+ Kh6 35. Ne6 Kxh5 36. Nd4 Bc4 37. Rc5 Bxa2 38. Nxf5 Nxf5 39. Rxf5+ Kg4 40. Ra5 Bc4 41. b3 Bb5 42. Re4+ Kg3 43. Rxb4 Rc7 44. c4 Kxg2 45. Kb2 Bd7 46. Re5 Bg4 47. Kc3 Bf3 48. Rg5+ Kf2 49. Re5 Be2 50. Rb6 Rd7 51. Rbe6 Bf3 52. Kb4 Rd1 53. Kc5 Rb1 54. b4 Bg4 55. Rf6+ Kg3 56. Rg5 Kh4 57. Rfg6 Bh5 58. Rg1 Bg4 59. Rh1+ Bh3 60. Rxb1 1-0

[Event "Titled Tuesday intern op 27th Sep Late"]
[Site "Chess.com INT"]
[Date "2022.09.27"]
[Round "10"]
[White "Kavutskiy, Konstantin"]
[Black "Sadilek, Peter"]
[Result "0-1"]
[WhiteElo "2383"]
[BlackElo "2327"]
[PlyCount "114"]
[EventDate "2022.09.27"]
[EventType "swiss (blitz)"]
[EventRounds "11"]
[EventCountry "USA"]
[SourceTitle "CBM 210 Extra"]
[Source "ChessBase"]
[SourceDate "2022.11.30"]
[SourceVersion "1"]
[SourceVersionDate "2022.11.30"]
[SourceQuality "1"]

1. d4 Nf6 2. c4 e6 3. Bf4 Bb4+ 4. Nd2 0-0 5. a3 Bxd2+ 6. Qxd2 b6 7. e3 d6 8. Nf3 Bb7 9. Be2 Nbd7 10. 0-0 Ne4 11. Qc2 f5 12. Nd2 g5 13. Bg3 Ndf6 14. Nxe4 Nxe4 15. f3 Nxg3 16. hxg3 Qf6 17. b4 f4 18. gxf4 gxf4 19. Qd2 a5 20. Rac1 axb4 21. axb4 Ra3 22. exf4 Qxf4 23. Qxf4 Rxf4 24. Rfd1 Ra2 25. Kf2 Rf8 26. Ra1 Rfa8 27. Rxa2 Rxa2 28. Ke3 Bc6 29. g4 Kg7 30. Bd3 Be8 31. b5 Ra3 32. Kf4 h6 33. Be4 Rc3 34. Bd3 Bg6 35. Bf1 Kf6 36. Re1 e5+ 37. dxe5+ dxe5+ 38. Rxe5 Rxf3+ 39. Kxf3 Kxe5 40. Ke3 Bf7 41. Bd3 Bg8 42. Bf1 Bf7 43. Bd3 Be6 44. Be2 Bd7 45. Bd1 Be8 46. Bf3 Bg6 47. Bd1 Bb1 48. Bf3 Bg6 49. Bd1 Bf7 50. Be2 Be6 51. Kd3 Kf4 52. Kd4 Bxg4 53. Bf1 Be6 54. c5 h5 55. Bg2 h4 56. Bh1 Bg4 57. cxb6 cxb6 0-1